000 01236nam a22002537a 4500
003 Uzh_bibl
008 260417b |||||||| |||| 00| 0 ukr d
020 _a5-301-01020-4
_c36,25
040 _bукр.
041 _2ukr
_aukr
080 _a821.161.2
090 _a821.161.2
_bУ-45
100 _a-
245 _aУкраїнські народні казки
_cХудож.К.І. Сулими
_hТекст
260 _aКиїв
_b"Веселка"
_c1990
300 _a271 с.
_bіл.
_fВ опр.
520 _aДо книги увійшли найпопулярніші українські народні казки про тварин, чарівні та соціально-побутові. Вони прославляють розум,кмітливість, доброту, працелюбність, мужність, вчать боротися за торжество справедливості.
521 _aДля широкого кола читачів
546 _aукр.
650 _aЛітературно-художнє видання
653 _aТри брати
_aЦарівна жаба
_aХліб і золото
655 _aХудожня література
_vКазки
942 _2udc
_cBK
999 _c17375
_d17375